Statistics for Youngest FIFA World Cup 2022 Players

Click here to take the quiz!

General Stats

  • This quiz has been taken 8 times
  • The average score is 6 of 72

Answer Stats

AgeCountryPlayer% Correct
18SpainGavi
100%
20SpainPedri
80%
21EnglandBukayo Saka
40%
20FranceEduardo Camavinga
40%
19GermanyJamal Musiala
40%
19EnglandJude Bellingham
40%
21BrazilRodrygo
40%
21BrazilAntony
20%
21ArgentinaEnzo Fernández
20%
20United StatesGio Reyna
20%
21PortugalGonçalo Ramos
20%
20BelgiumJérémy Doku
20%
21CroatiaJoško Gvardiol
20%
21NetherlandsJurriën Timber
20%
21GermanyKarim Adeyemi
20%
18GermanyYoussoufa Moukoko
20%
21MoroccoAbdessamad Ezzalzouli
0%
19SpainAlejandro Balde
0%
20Costa RicaÁlvaro Zamora
0%
21BelgiumAmadou Onana
0%
21TunisiaAnis Ben Slimane
0%
20SpainAnsu Fati
0%
21Costa RicaAnthony Hernández
0%
19PortugalAntónio Silva
0%
20SwitzerlandArdon Jashari
0%
21GermanyArmel Bella-Kotchap
0%
18MoroccoBilal El Khannouss
0%
19Costa RicaBrandon Aguilera
0%
21WalesBrennan Johnson
0%
21BelgiumCharles De Ketelaere
0%
21CameroonChristopher Wooh
0%
21GhanaDaniel Afriye
0%
20SwitzerlandFabian Rieder
0%
21UruguayFacundo Pellistri
0%
18GhanaFatawu Issahaku
0%
20BrazilGabriel Martinelli
0%
18AustraliaGarang Kuol
0%
21Saudi ArabiaHaitham Asiri
0%
20TunisiaHannibal Mejbri
0%
20GhanaIbrahim Danlad
0%
20CanadaIsmaël Koné
0%
21SerbiaIvan Ilić
0%
20PolandJakub Kaminski
0%
20QatarJassem Gaber
0%
20EcuadorJeremy Sarmiento
0%
18Costa RicaJewison Bennette
0%
20United StatesJoe Scally
0%
20GhanaKamaldeen Sulemana
0%
21South KoreaLee Kang-In
0%
20CroatiaLuka Sučić
0%
21UruguayManuel Ugarte
0%
21AustraliaMarco Tilio
0%
21EcuadorMoisés Caicedo
0%
21WalesNeco Williams
0%
21SenegalNicolas Jackson
0%
21PolandNicola Zalewski
0%
20SpainNico Williams
0%
20PortugalNuno Mendes
0%
20SenegalPape Matar Sarr
0%
21EcuadorPiero Hincapié
0%
20Costa RicaRoan Wilson
0%
20WalesRubin Colwill
0%
19CameroonSimon Ngapandouetnbu
0%
21SerbiaStrahinja Pavlović
0%
21JapanTakefusa Kubo
0%
21ArgentinaThiago Almada
0%
21EcuadorWilliam Pacho
0%
21FranceWilliam Saliba
0%
19NetherlandsXavi Simons
0%
20SpainYeremy Pino
0%
20United StatesYunnus Masah
0%
19BelgiumZeno Debast
0%

Score Distribution

Percentile by Number Answered

Percent of People with Each Score

Your Score History

You have not taken this quiz